| 000 | 00927cam a2200277Mc 4500 | ||
|---|---|---|---|
| 005 | 20180622113029.0 | ||
| 008 | 141027s2011 ag ad fr 001 0 spa d | ||
| 020 | _a9789500602785 | ||
| 020 | _a9500602784 | ||
| 040 |
_aCO-BoUCM _bspa _cJose A. Gerena _dJose A. Gerena |
||
| 041 | 0 | _aspa | |
| 060 | _aQH 366 | ||
| 100 | 1 |
_aGallardo, Milton H. _965590 |
|
| 245 | 1 | 0 |
_aEvolución _bel curso de la vida _cMilton H. Gallardo |
| 260 |
_aBuenos Aires (Argentina) _bMédica Panamericana _c2011 |
||
| 300 |
_a503 páginas _bilustraciones, cuadros, gráficas |
||
| 504 | _aIncluye referencias bibliográficas e índices | ||
| 650 | 7 |
_aEvolución _915359 |
|
| 650 | 7 |
_aVida _926218 _xHistoria |
|
| 650 | 7 |
_aMicrorganismos _919497 |
|
| 650 | 7 |
_aBiodiversidad _910097 |
|
| 650 | 7 |
_aGenética humana _916317 |
|
| 690 |
_942755 _aCiencias naturales |
||
| 942 |
_2NLM _a25 _cLIBRO _e1 _hQH 366 _mG163 _n0 |
||
| 999 |
_c297330 _d297330 |
||